| Tag |
First Indicator |
Second Indicator |
Subfields |
| LEADER |
00000cam a2200000 a 4500 |
| 001 |
in00002781429 |
| 005 |
20211120170026.0 |
| 006 |
m o d f |
| 007 |
cr bn||||||||| |
| 008 |
120925s2012 dcu ob f000 0 eng c |
| 035 |
|
|
|a (OCoLC)ocn811068640
|
| 037 |
|
|
|a 552-070-45096-3
|b GPO
|f paper
|
| 040 |
|
|
|a GPO
|c GPO
|d OCLCQ
|d GPO
|d MvI
|d UtOrBLW
|
| 042 |
|
|
|a pcc
|
| 043 |
|
|
|a n-us---
|
| 049 |
|
|
|a WWW
|
| 074 |
|
|
|a 1089-E-01 (online)
|
| 086 |
0 |
|
|a Y 4.SE 2:110-2-17
|
| 088 |
|
|
|a CSCE 110-2-17
|
| 110 |
1 |
|
|a United States.
|b Congress.
|b Commission on Security and Cooperation in Europe.
|
| 245 |
1 |
0 |
|a Racism in the 21st century :
|b understanding global challenges and implementing solutions : hearing before the Commission on Security and Cooperation in Europe, One Hundred Tenth Congress, second session, July 16, 2008.
|
| 246 |
3 |
|
|a Racism in the twenty-first century
|
| 264 |
|
1 |
|a Washington :
|b U.S. G.P.O.,
|c 2012.
|
| 300 |
|
|
|a 1 online resource (iii, 105 pages)
|
| 336 |
|
|
|a text
|b txt
|2 rdacontent
|
| 337 |
|
|
|a computer
|b c
|2 rdamedia
|
| 338 |
|
|
|a online resource
|b cr
|2 rdacarrier
|
| 500 |
|
|
|a Title from title screen (viewed on Sept. 25, 2012).
|
| 500 |
|
|
|a Paper version available for sale by the Supt. of Docs., U.S. G.P.O.
|
| 504 |
|
|
|a Includes bibliographical references.
|
| 500 |
|
|
|a "CSCE 110-2-17."
|
| 500 |
|
|
|a Electronic resource.
|
| 650 |
|
0 |
|a Racism
|z Europe
|x Prevention.
|
| 650 |
|
0 |
|a Racism
|z United States
|x Prevention.
|
| 650 |
|
0 |
|a Race discrimination
|z Europe
|x Prevention.
|
| 650 |
|
0 |
|a Race discrimination
|z United States
|x Prevention.
|
| 776 |
0 |
8 |
|i Print version:
|a United States. Congress. Commission on Security and Cooperation in Europe.
|t Racism in the 21st century
|w (OCoLC)811073196
|
| 776 |
0 |
8 |
|i Microfiche version:
|a United States. Congress. Commission on Security and Cooperation in Europe.
|t Racism in the 21st century
|w (OCoLC)824798741
|
| 856 |
4 |
0 |
|u https://purl.fdlp.gov/GPO/gpo28739
|t 0
|
| 999 |
|
|
|a MARS
|
| 999 |
f |
f |
|s 5c67af71-a0eb-3fa2-93fc-1bfb394200a9
|i 914be876-afb6-329f-9ff1-f56ec09fec9d
|t 0
|
| 952 |
f |
f |
|a Texas A&M University
|b College Station
|c Electronic Resources
|d Available Online
|t 0
|e Y 4.SE 2:110-2-17
|h Superintendent of Documents classification
|
| 998 |
f |
f |
|a Y 4.SE 2:110-2-17
|t 0
|l Available Online
|